[Event "CZE-ch U10 Girls"]
[Site "Kouty nad Desnou"]
[Date "2017.03.16"]
[Round "7"]
[White "Buchtova, Viktorie"]
[Black "Hosova, Stella"]
[Result "0-1"]
[WhiteElo "1000"]
[BlackElo "1000"]
[PlyCount "50"]
[EventDate "2017.03.11"]
[EventType "swiss"]
[EventRounds "9"]
[EventCountry "CZE"]
[SourceTitle "CBM 177 Extra"]
[Source "ChessBase"]
[SourceDate "2017.04.27"]
[SourceVersion "1"]
[SourceVersionDate "2017.04.27"]
[SourceQuality "1"]

1. e4 e5 2. Nf3 Nc6 3. Nc3 Nf6 4. d4 d5 5. dxe5 Ng4 6. Bb5 Bc5 7. 0-0 0-0 8. Bxc6 bxc6 9. exd5 cxd5 10. Nxd5 Qd7 11. h3 c6 12. Ne3 Qe6 13. Nxg4 Qg6 14. Re1 h5 15. Ne3 Bxh3 16. g3 h4 17. Nxh4 Qe4 18. Kh2 Rfd8 19. Qh5 g6 20. Qg5 Bb4 21. Rd1 Rxd1 22. Nxd1 Qd4 23. Kxh3 Qxd1 24. e6 f5 25. Qf6 Qh1# 0-1

[Event "CZE-ch U10 Girls"]
[Site "Kouty nad Desnou"]
[Date "2017.03.13"]
[Round "3"]
[White "Hosova, Stella"]
[Black "Filipova, Vanesa"]
[Result "0-1"]
[WhiteElo "1000"]
[BlackElo "1250"]
[PlyCount "78"]
[EventDate "2017.03.11"]
[EventType "swiss"]
[EventRounds "9"]
[EventCountry "CZE"]
[SourceTitle "CBM 177 Extra"]
[Source "ChessBase"]
[SourceDate "2017.04.27"]
[SourceVersion "1"]
[SourceVersionDate "2017.04.27"]
[SourceQuality "1"]

1. e4 e5 2. Nc3 Nf6 3. Nf3 Nc6 4. Bc4 Bb4 5. d3 d6 6. 0-0 0-0 7. d4 Bg4 8. h3 Bh5 9. Qd2 Nxe4 10. Qe3 Nf6 11. Nd5 Nxd5 12. Bxd5 Ne7 13. Be4 d5 14. Bd3 e4 15. Ne5 Nf5 16. Qf4 Qf6 17. Nd7 Qg6 18. Nxf8 Rxf8 19. Qe5 exd3 20. c3 Nh4 21. Bg5 f6 22. Qxd5+ Kh8 23. Bxh4 c6 24. Qc4 Bf3 25. g3 Be7 26. Rfe1 Bd6 27. Qe6 Bc7 28. Qe7 Kg8 29. Re3 Bh5 30. Rae1 d2 31. Qe6+ Rf7 32. Qe8+ Rf8 33. Qxf8+ Kxf8 34. Re8+ Qxe8 35. Rxe8+ Kxe8 36. g4 d1Q+ 37. Kg2 Bg6 38. Bg3 Be4+ 39. Kh2 Qh1# 0-1